000 00274nam a22001337a 4500
008 170130b xxu||||| |||| 00| 0 eng d
020 _a9780763700867
041 _aeng
080 _24TH
_a61
100 _a3
101 _aSHMI
245 _aAIDS
_cFAN, H.Y
942 _2udc
_cBK
999 _c3968
_d3968